00378nam a2200157Ia 45000010006000000050017000060080041000230410008000640820016000721000047000882450032001352600009001673000028001766500008002046540008002121002120260306161801.0260306t2006||||xx |||||||||||||| ||spa|| aESP a869.56bV19 aValdez Fernández Baca, Luis Manuel,eAUT 0aEl cóndor y la golondrina c2006 a127 páginas :c21 cm. aGEN aCHU